000
00330cam a2200133ua 4500
003
OSt
008
250108b |||||||| |||| 00| 0 eng d
082
_a
621.3841
_b
UNI/AM
245
_a
Amplifier builders and transformers guide /
250
_a
1 /
260
_a
India :
_b
Universal Books ,
_c
1985.
300
_a
176 ; .
942
_c
BK
999
_c
108
_d
108